000 00619nam a22001817a 4500
003 UA-OsUOA
001 13498
007 ta
008 20030602b un ||||| |||| 00| 0 ukr d
100 _aТубіна С.
942 _cSA
040 _aUA-OsUOA
_cUA-OsUOA
_dUA-OsUOA
245 _aПотенціал депутатського корпусу реалізується: [Про роботу 8-ї сесісії Рівнен. обл. ради]
300 _aС.1-2
955 _a0
773 0 _w0
_tВісті Рівненщини
_dРівне
_d2003
_g№37/1 трав./
650 7 _aКраєзнавча робота
_2UDC
999 _c299659
_d299659